000 00286nam a22001337a 4500
003 SGT
082 _a070
_bS72B
100 _aBATRA, GULAB
245 _aSAMACHARO KI DUNIYA ME
260 _bVEGYANIK DRISTHIKON SOCIETY
_c1972
300 _a212
650 _aJOURNALISM
942 _2ddc
_cBK
999 _c28419
_d28419